00824 a2200157 4500003000500000005001700005040000900022082001800031100002100049245008100070260004800151300003000199505038300229600002000612650003400632Nust20221125152002.0 cNust a621.38132,LUE a Russell E. Lueg aBasic electric circuits for engineers /cRussell E. Lueg & Erwin A. Reinhard aScranton,bInternational Textbook Co.c1967 axix, 379 pbillus.e24 cm aBasic Concepts (Page-1), Circuit Analysis Techniques (Page-2), Circuit analysis Using Laplace Transforms (Page-85), Steady-State Sinusoidal Circuit Analysis (Page-130), Computer Solutions (Page-182), Other Network Analysis Methods (Page-244), Networks (Page-267), Three-Phase A-C Circuits (Page-305), Coupled Circuits (Page-322), State Variables in Circuits Analysis (Page-340). aRussell E. Lueg aTelecommunication engineering